| 000 | 00725cab a2200229 4500 | ||
|---|---|---|---|
| 001 | WB2716-35 | ||
| 008 | 090401t1991 xxu||||| |||| 00| 0 eng d | ||
| 035 | _a(Sirsi) u60797 | ||
| 041 | _aeng | ||
| 245 | _aLicence to occupy | ||
| 260 | _c1991 | ||
| 350 | _a0 | ||
| 490 |
_aTimes _v23/4/91 p34 |
||
| 520 | _aIt was held in Norris v Checksfield CA 18 April 1991, that a licence to occupy a bungalow belonging to his employer, expired automatically on the cessation of the employee`s employment. | ||
| 650 | _aEXCLUSIVE OCCUPATION | ||
| 650 | _aEXCLUSIVE POSSESSION | ||
| 650 | _aPROTECTION FROM EVICTION ACT 1977 S5 | ||
| 650 | _aSERVICE LICENSEE | ||
| 690 | _aLAW-CASE LAW | ||
| 942 | _n0 | ||
| 948 | _c04/03/1997 | ||
| 999 |
_c37581 _d37581 |
||